| 000 | 00368nam a2200157Ia 4500 | ||
|---|---|---|---|
| 003 | LK-CoDNM | ||
| 005 | 20240924101503.0 | ||
| 008 | 010623t xxu||||| |||| 00| 1 eng d | ||
| 040 |
_aLK-CoDNM _dLK-CoDNM _eLK-CoDNM |
||
| 041 | _aeng | ||
| 080 |
_a15 _bE12 |
||
| 245 | _aOne of the District Judges of Ceylon | ||
| 300 | _b186p. : 33 cm | ||
| 650 | _aLaw | ||
| 942 | _cBK | ||
| 999 |
_c135189 _d135189 |
||